Welcome to WEB OPAC of MRSPTU Central Library

Concepts of modern Physics (Record no. 13)

MARC details
000 -LEADER
fixed length control field 00358nam a2200145Ia 4500
008 - FIXED-LENGTH DATA ELEMENTS--GENERAL INFORMATION
fixed length control field 230711s9999||||xx |||||||||||||| ||und||
041 ## - LANGUAGE CODE
Language code of text/sound track or separate title ENG
082 ## - DEWEY DECIMAL CLASSIFICATION NUMBER
Classification number 530
Item number BE-C
100 ## - MAIN ENTRY--PERSONAL NAME
Personal name Beiser, Arthur
245 #0 - TITLE STATEMENT
Title Concepts of modern Physics
250 ## - EDITION STATEMENT
Edition statement 1st Ed.
260 ## - PUBLICATION, DISTRIBUTION, ETC.
Date of publication, distribution, etc. 1987
Place of publication, distribution, etc. New Delhi
Name of publisher, distributor, etc. Tata McGraw Hill Education Limited
650 ## - SUBJECT ADDED ENTRY--TOPICAL TERM
Topical term or geographic name entry element Physics
942 ## - ADDED ENTRY ELEMENTS (KOHA)
Koha item type Book
Holdings
Withdrawn status Lost status Damaged status Not for loan Collection Home library Current library Date acquired Total checkouts Full call number Barcode Date last seen Price effective from Koha item type Date last checked out
          MRSPTU Central Library MRSPTU Central Library     530 BE-C 191 08/17/2023 08/17/2023 Book  
          MRSPTU Central Library MRSPTU Central Library     530 BE-C 192 08/17/2023 08/17/2023 Book  
          MRSPTU Central Library MRSPTU Central Library     530 BE-C 193 08/17/2023 08/17/2023 Book  
          MRSPTU Central Library MRSPTU Central Library   1 530 BE-C 194 08/08/2024 08/17/2023 Book 08/08/2024
          MRSPTU Central Library MRSPTU Central Library     530 BE-C 195 08/17/2023 08/17/2023 Book  
          MRSPTU Central Library MRSPTU Central Library     530 BE-C 9370 08/17/2023 08/17/2023 Book  
          MRSPTU Central Library MRSPTU Central Library     530 BE-C PBB191 08/17/2023 08/17/2023 Book  
          MRSPTU Central Library MRSPTU Central Library     530 BE-C PBB192 08/17/2023 08/17/2023 Book  
          MRSPTU Central Library MRSPTU Central Library     530 BE-C PBB193 08/17/2023 08/17/2023 Book  
          MRSPTU Central Library MRSPTU Central Library     530 BE-C PBB194 08/17/2023 08/17/2023 Book  
          MRSPTU Central Library MRSPTU Central Library     530 BE-C PBB195 08/17/2023 08/17/2023 Book  

Website Designed and Developed by MRSPTU Central Library Team

E-mail Id: librarian@mrsptu.ac.in